000 00245nam a2200109Ia 4500
008 190216s9999||||xx |||||||||||||| ||und||
100 _aBhatia K
245 0 _aObjective Biology
260 _bS Dihesh & Co
_c1998
300 _a1528p
942 _cREF
999 _c36319
_d36319